000 00691nam a22002297a 4500
003 UA-OsUOA
001 74873
007 ta
008 20110418b un ||||| |||| 00| 0 ukr d
100 _aБондарь Л.
700 _aВаськовська Т.
090 _a02
_bБ81
942 _cSA
040 _aUA-OsUOA
_bukr
_cUA-OsUOA
_dUA-OsUOA
245 _aОбмінно-резервні фонди у мережі освітянских бібліотек
300 _aС.16-20
955 _a0
041 _aukr
080 _a02
773 0 _w74871
_tБібліотечний форум України
_dДонецьк
_d2011
_g1
650 7 _a02 Бібліотечна справа
_2UDC
999 _c361168
_d361168